| 000 | 00355nam a2200145Ia 4500 | ||
|---|---|---|---|
| 008 | 200103s9999||||xx |||||||||||||| ||und|| | ||
| 020 | _a0273316249, | ||
| 040 | _aIMU-MPC | ||
| 082 | _aColumn-33 | ||
| 100 | _aHannah, J. and Hillier, M. J. | ||
| 245 | 0 | _aApplied Mechanics | |
| 260 |
_bPitman Publishing, London _c1971 |
||
| 300 | _aix, 445 | ||
| 942 | _cBK | ||
| 999 |
_c7706 _d7706 |
||